01217cam a2200325 4500001001400000005001700014008004100031020003100072040002300103041001300126044001100139072006800150080002300218100003400241240003400275245013800309250001900447264004000466300002200506336002600528337002900554338002900583490002800612500009600640655002800736655003000764700004000794700002600834700003100860vtls01228782320260107134404.0251121s2025 xo g 000 f slo  a9788057500667q(viazané) aSNKbslocSNKerda1 aslohger axocSK 7a821.112.2xNemecká literatúra, nemecky písaná2konspekt a821.112.2-32220111 aMann, Thomas,d1875-19554aut14aDer Tod in VenediglSlovensky10aSmrť v BenátkachcThomas Mann ; z nemeckého originálu Der Tod in Venedig ... preložil a doslov napísal Andrej Záhorák aVydanie prvé 1aBratislavabIkar a.s. - ODEONc2025 a91 stránc21 cm atextbtxt2rdacontent abez médiabn2rdamedia azväzokbnc2rdacarrier1 aSvetová klasika ODEON aObsahuje stručné profesijné údaje o autorovi na zadnej strane obálky publikácie 7anemecké novely2SNKPH 7aGerman novellas2SNKPHeng1 aZahorák, Andrej,d1990-4trl4aft1 aMelicher, Marcel4edt1 aNosáľ, Peter4bjd4bkd